<?xml version="1.0" encoding="UTF-8"?>
<record
    xmlns:xsi="http://www.w3.org/2001/XMLSchema-instance"
    xsi:schemaLocation="http://www.loc.gov/MARC21/slim http://www.loc.gov/standards/marcxml/schema/MARC21slim.xsd"
    xmlns="http://www.loc.gov/MARC21/slim">

  <leader>05078nam a2200421 a 4500</leader>
  <controlfield tag="003">CHAP</controlfield>
  <controlfield tag="005">20240611125836.0</controlfield>
  <controlfield tag="007">ta</controlfield>
  <controlfield tag="008">230630s2022    mx ab||frm||| 001 0 spa d</controlfield>
  <datafield tag="040" ind1=" " ind2=" ">
    <subfield code="e">rda</subfield>
  </datafield>
  <datafield tag="041" ind1=" " ind2=" ">
    <subfield code="a">spa</subfield>
    <subfield code="b">eng</subfield>
  </datafield>
  <datafield tag="100" ind1="1" ind2=" ">
    <subfield code="9">187505</subfield>
    <subfield code="a">Hern&#xE1;ndez Rodr&#xED;guez, Juan Daniel</subfield>
  </datafield>
  <datafield tag="245" ind1="1" ind2="0">
    <subfield code="a">Necesidad de evaluaci&#xF3;n de dos dispositivos de determinaci&#xF3;n de concentraci&#xF3;n de micotoxinas / </subfield>
    <subfield code="c">Juan Daniel Hern&#xE1;ndez Rodr&#xED;guez</subfield>
  </datafield>
  <datafield tag="264" ind1=" " ind2=" ">
    <subfield code="a">Chapingo, M&#xE9;xico :</subfield>
    <subfield code="b">El autor,</subfield>
    <subfield code="c">2022</subfield>
  </datafield>
  <datafield tag="300" ind1=" " ind2=" ">
    <subfield code="a">1 recurso en l&#xED;nea (x, 43 p&#xE1;ginas) :</subfield>
    <subfield code="b">ilustraciones, tablas, mapas</subfield>
  </datafield>
  <datafield tag="336" ind1=" " ind2=" ">
    <subfield code="2">rdacontent</subfield>
    <subfield code="a">texto</subfield>
    <subfield code="b">txt</subfield>
  </datafield>
  <datafield tag="337" ind1=" " ind2=" ">
    <subfield code="2">rdamedia</subfield>
    <subfield code="a">computadora</subfield>
    <subfield code="b">c</subfield>
  </datafield>
  <datafield tag="338" ind1=" " ind2=" ">
    <subfield code="2">rdacarrier</subfield>
    <subfield code="a">recurso en l&#xED;nea</subfield>
    <subfield code="b">cr</subfield>
  </datafield>
  <datafield tag="502" ind1=" " ind2=" ">
    <subfield code="a">Memoria de Experiencia Profesional</subfield>
    <subfield code="b">IA</subfield>
    <subfield code="c">Agroindustrias</subfield>
    <subfield code="d">2022</subfield>
    <subfield code="g">LIC</subfield>
  </datafield>
  <datafield tag="504" ind1=" " ind2=" ">
    <subfield code="a">Bibliograf&#xED;a: p&#xE1;ginas 39-40</subfield>
  </datafield>
  <datafield tag="520" ind1="3" ind2=" ">
    <subfield code="a"> Debido a la problem&#xE1;tica que presentaba la empresa Avigrupo, con respecto a los costos extras por demoras y a la necesidad de reducir la utilizaci&#xF3;n de secuestrantes de micotoxinas; ya que por la naturaleza y origen de la materia prima hay micotoxinas espec&#xED;ficas.  Se decidi&#xF3; monitorear la calidad de las materias primas en origen, principal mente con el ma&#xED;z debido a que representa el mayor porcentaje en el alimento terminado para aves.  Uno de las limitantes en este proceso son los dispositivos por medio del cual se analiza el contenido de micotoxinas de la materia prima, por esto se decide evaluar dos dispositivos de Neogen los cuales son el Stat fax 4700 y el Acuscan Golden +; para determinar el grado de desviaci&#xF3;n de cada uno, y evaluar el grado de confiabilidad para la toma de decisiones ya sea en compras o en proceso.Para descartar el factor humano en la desviaciones de los resultados en la determinaci&#xF3;n de la concentraci&#xF3;n de micotoxinas, tambi&#xE9;n se opt&#xF3; por evaluar el desempe&#xF1;o del supervisor de materia prima (Juan Daniel Hern&#xE1;ndez Rodr&#xED;guez) el la aplicaci&#xF3;n de protocolo de cada uno de los dispositivos y sus kits correspondientes.  De acuerdo a las desviaciones que presentaron los resultados, los dispositivos se evaluaron y se aceptaron, bas&#xE1;ndose en los resultados y las desviaciones que presentaron.  Los dispositivos como al supervisor aprobaron la evaluaci&#xF3;n correctamente ya que las desviaciones de los resultados de cada dispositivo variaron 0.2 ppm, aunque la desviaci&#xF3;n con respecto a la muestra patr&#xF3;n para el Stat-fax 4700 fue de 0.2 ppm y para el Acuscan Golden fue de 0.6 ppm.  Los resultados de los dos dispositivos se consideraron como confiables ante compras y ante el proceso en planta.</subfield>
  </datafield>
  <datafield tag="520" ind1="3" ind2=" ">
    <subfield code="a"> Due to the problems presented by the Avigrupo company, with regard to the extra costs due to delays and the need to reduce the use of mycotoxin sequestrants; since by the nature and origin of the raw material there are specific mycotoxins.  It was decided to monitor the quality of the raw materials in origin mainly with corn because it represents the highest percentage in the finished food for birds.  One of the limitations in this process are the devices by means of which the content of mycotoxins of the raw material is analyzed, for this reason it is decided to evaluate two Neogen devices which are the Stat-fax 4700 and the Acuscan Golden +; to determine the degree of deviation of each one, and to evaluate the degree of reliability for the decision making either in purchases or in process. To discard the human factor in the deviations of the results in the determination of the concentration of mycotoxins, it was also decided to evaluate the performance of the supervisor of raw material (Juan Daniel Hern&#xE1;ndez Rodr&#xED;guez) in the application of protocol of each of the devices and their corresponding kits.  According to the deviations presented by the results, the devices were evaluated and accepted, mainly based on the results and deviations that they presented, the devices as the supervisor approved the evaluation correctly since the deviations of the results of each device varied 0.2 ppm, although the deviation from the standard sample for Stat-fax 4700 was 0.2 ppm and for the Acuscan Golden it was 0.6 ppm.  The results of the two devices were considered reliable before purchases and before the process.</subfield>
  </datafield>
  <datafield tag="650" ind1="1" ind2="3">
    <subfield code="9">187520</subfield>
    <subfield code="a">Alimentos para aves de corral</subfield>
    <subfield code="2">atg</subfield>
  </datafield>
  <datafield tag="650" ind1="1" ind2="3">
    <subfield code="9">75489</subfield>
    <subfield code="a">Micotoxinas</subfield>
    <subfield code="2">atg</subfield>
  </datafield>
  <datafield tag="650" ind1="1" ind2="3">
    <subfield code="9">187506</subfield>
    <subfield code="a">Calidad de piensos</subfield>
    <subfield code="2">atg</subfield>
  </datafield>
  <datafield tag="650" ind1="1" ind2="3">
    <subfield code="9">187508</subfield>
    <subfield code="a">Contaminaci&#xF3;n de piensos</subfield>
    <subfield code="2">atg</subfield>
  </datafield>
  <datafield tag="650" ind1="1" ind2="3">
    <subfield code="9">187510</subfield>
    <subfield code="a">Evaluaci&#xF3;n de los alimentos para animales</subfield>
    <subfield code="2">atg</subfield>
  </datafield>
  <datafield tag="650" ind1="1" ind2="3">
    <subfield code="9">187521</subfield>
    <subfield code="a">Poultry feed</subfield>
    <subfield code="2">atg</subfield>
  </datafield>
  <datafield tag="650" ind1="1" ind2="3">
    <subfield code="9">158160</subfield>
    <subfield code="a">Mycotoxins  </subfield>
    <subfield code="2">atg</subfield>
  </datafield>
  <datafield tag="650" ind1="1" ind2="3">
    <subfield code="9">187507</subfield>
    <subfield code="a">Feed quality</subfield>
    <subfield code="2">atg</subfield>
  </datafield>
  <datafield tag="650" ind1="1" ind2="3">
    <subfield code="9">187509</subfield>
    <subfield code="a">Feed contamination</subfield>
    <subfield code="2">atg</subfield>
  </datafield>
  <datafield tag="650" ind1="1" ind2="3">
    <subfield code="9">187511</subfield>
    <subfield code="a">Feed evaluation</subfield>
    <subfield code="2">atg</subfield>
  </datafield>
  <datafield tag="700" ind1="1" ind2=" ">
    <subfield code="9">187512</subfield>
    <subfield code="a">Garc&#xED;a Perea, Marco Antonio</subfield>
    <subfield code="e">director</subfield>
  </datafield>
  <datafield tag="700" ind1="1" ind2=" ">
    <subfield code="9">61722</subfield>
    <subfield code="a">Joaqu&#xED;n Cruz, Elvia</subfield>
    <subfield code="e">asesor</subfield>
  </datafield>
  <datafield tag="700" ind1="1" ind2=" ">
    <subfield code="9">152488</subfield>
    <subfield code="a">Rivera Salvador, V&#xED;ctor</subfield>
    <subfield code="e">asesor</subfield>
  </datafield>
  <datafield tag="856" ind1="4" ind2="0">
    <subfield code="y">Descargar PDF</subfield>
    <subfield code="u">http://10.13.5.2/tesis/tl/0211654-9_Hernandez_Rodriguez_Juan_Daniel.pdf</subfield>
  </datafield>
  <datafield tag="942" ind1=" " ind2=" ">
    <subfield code="2">Clasificaci&#xF3;n Universidad Aut&#xF3;noma Chapingo</subfield>
    <subfield code="c">TD</subfield>
  </datafield>
  <datafield tag="999" ind1=" " ind2=" ">
    <subfield code="c">218994</subfield>
    <subfield code="d">218994</subfield>
  </datafield>
  <datafield tag="952" ind1=" " ind2=" ">
    <subfield code="0">0</subfield>
    <subfield code="1">0</subfield>
    <subfield code="2">local</subfield>
    <subfield code="4">0</subfield>
    <subfield code="7">0</subfield>
    <subfield code="8">TesDigL</subfield>
    <subfield code="a">IA_</subfield>
    <subfield code="b">IA_</subfield>
    <subfield code="c">E_L</subfield>
    <subfield code="d">2023-06-30</subfield>
    <subfield code="e">El autor</subfield>
    <subfield code="l">0</subfield>
    <subfield code="p">1201013718</subfield>
    <subfield code="r">2023-06-30 00:00:00</subfield>
    <subfield code="w">2023-06-30</subfield>
    <subfield code="y">TD</subfield>
  </datafield>
  <datafield tag="952" ind1=" " ind2=" ">
    <subfield code="0">0</subfield>
    <subfield code="1">0</subfield>
    <subfield code="2">local</subfield>
    <subfield code="4">0</subfield>
    <subfield code="5">1</subfield>
    <subfield code="7">0</subfield>
    <subfield code="8">TesDigL</subfield>
    <subfield code="a">BD</subfield>
    <subfield code="b">BD</subfield>
    <subfield code="c">E_L</subfield>
    <subfield code="d">2024-05-15</subfield>
    <subfield code="e">El autor</subfield>
    <subfield code="l">0</subfield>
    <subfield code="o">Tesis digital</subfield>
    <subfield code="p">1301013718</subfield>
    <subfield code="r">2024-05-15 00:00:00</subfield>
    <subfield code="w">2024-05-15</subfield>
    <subfield code="y">TD</subfield>
  </datafield>
</record>
